[Event "Vancouver Intermat"]
[Site "Vancouver"]
[Date "2016.05.14"]
[Round "1.21"]
[White "Shao, Nathan"]
[Black "Fields, Noah Dennis"]
[Result "1-0"]
[WhiteElo "1827"]
[BlackElo "2063"]
[PlyCount "119"]
[EventDate "2016.05.14"]
[EventType "swiss"]
[EventRounds "2"]
[EventCountry "CAN"]
[SourceTitle "EXT 2022"]
[Source "ChessBase"]
[SourceDate "2021.10.06"]
[SourceVersion "1"]
[SourceVersionDate "2021.10.06"]
[SourceQuality "1"]

1. e4 c5 2. Nf3 e6 3. d4 cxd4 4. Nxd4 a6 5. Bd3 Ne7 6. 0-0 Nbc6 7. c3 e5 8. Nxc6 Nxc6 9. Bc4 Be7 10. f4 0-0 11. Kh1 exf4 12. Bxf4 Qb6 13. Qc2 Bf6 14. Nd2 Ne5 15. Bxe5 Bxe5 16. Nf3 d6 17. Rad1 Qc7 18. Qb3 Bf6 19. Nd4 Bg4 20. Rd2 Rab8 21. h3 Bd7 22. Bd5 b5 23. Qd1 Rfe8 24. Qh5 Be6 25. Bxe6 fxe6 26. Qg4 Bxd4 27. Rxd4 Qe7 28. Rfd1 Rbd8 29. Qg3 e5 30. Rd5 Rf8 31. Qe3 Qc7 32. g3 Rf6 33. Kg2 Rdf8 34. R5d2 Qf7 35. b3 Rf3 36. Qe2 h5 37. h4 Qf6 38. Rh1 Rxc3 39. Qxh5 Rf3 40. Rhd1 Rf2+ 41. Rxf2 Qxf2+ 42. Kh3 Qf6 43. Qg4 Rd8 44. h5 Qe7 45. Qg6 Qd7+ 46. g4 Qc7 47. Kh4 Qb6 48. Rf1 Qc7 49. Qe6+ Kh8 50. Qg6 Qe7+ 51. g5 Rf8 52. Rf5 Kg8 53. h6 Rxf5 54. exf5 Kh8 55. f6 gxf6 56. gxf6 Qb7 57. f7 Qh1+ 58. Kg5 Qc1+ 59. Kf6 Qf4+ 60. Ke6 1-0

[Event "British Columbia op"]
[Site "Richmond"]
[Date "2014.02.09"]
[Round "4.3"]
[White "Arzumanyan, Aram"]
[Black "Shao, Nathan"]
[Result "1-0"]
[WhiteElo "1923"]
[BlackElo "1687"]
[PlyCount "109"]
[EventDate "2014.02.08"]
[EventType "swiss"]
[EventRounds "6"]
[EventCountry "CAN"]
[SourceTitle "EXT 2022"]
[Source "ChessBase"]
[SourceDate "2021.10.06"]
[SourceVersion "1"]
[SourceVersionDate "2021.10.06"]
[SourceQuality "1"]

1. e4 c5 2. Nc3 d6 3. Bc4 Nf6 4. d3 g6 5. Nge2 Bg7 6. 0-0 0-0 7. h3 Nc6 8. f4 a6 9. a4 Ne8 10. f5 e6 11. Ng3 Nd4 12. fxg6 hxg6 13. Be3 Nc7 14. Bxd4 Bxd4+ 15. Kh1 d5 16. Bb3 b6 17. Qg4 Kh7 18. Nge2 Bg7 19. Rae1 d4 20. Nb1 e5 21. Qf3 Be6 22. Nd2 b5 23. Ng3 Bh6 24. Rf2 Bf4 25. Bxe6 Nxe6 26. axb5 axb5 27. Ngf1 Ra2 28. g3 Bh6 29. Rb1 Qc7 30. h4 Ng7 31. Nh2 Nh5 32. g4 Nf4 33. g5 Bg7 34. Ng4 Ra6 35. Nf1 Qe7 36. Ng3 Re6 37. Rh2 Rh8 38. Nf5 Qc7 39. Ng3 Qe7 40. Rf1 Kg8 41. Nf5 Qc7 42. Nxg7 Kxg7 43. Nxe5 Qxe5 44. Qxf4 Qxf4 45. Rxf4 Rhe8 46. Rhf2 R8e7 47. Kg2 c4 48. Kg3 Re5 49. Rf6 R5e6 50. Kg4 Re5 51. Rd6 c3 52. bxc3 dxc3 53. Rc6 b4 54. Rb6 f5+ 55. gxf6+ 1-0

[Event "British Columbia-ch U20"]
[Site "Vancouver"]
[Date "2013.11.09"]
[Round "3"]
[White "Doknjas, Joshua"]
[Black "Shao, Nathan"]
[Result "1-0"]
[WhiteElo "2030"]
[BlackElo "1619"]
[PlyCount "79"]
[EventDate "2013.11.08"]
[EventType "swiss"]
[EventRounds "5"]
[EventCountry "CAN"]
[SourceTitle "EXT 2015"]
[Source "ChessBase"]
[SourceDate "2014.11.20"]
[SourceVersion "1"]
[SourceVersionDate "2014.11.20"]
[SourceQuality "1"]

1. e4 c5 2. Nf3 d6 3. Bb5+ Bd7 4. Bxd7+ Qxd7 5. 0-0 e6 6. Qe2 Nf6 7. Rd1 Nc6 8. d4 cxd4 9. Nxd4 Be7 10. c4 0-0 11. Nc3 a6 12. b3 h6 13. Bb2 Qc7 14. Nxc6 bxc6 15. Rd3 Rfd8 16. Rad1 Rd7 17. Qd2 Rad8 18. Ba3 Qa5 19. Qb2 Qe5 20. f3 Qg5 21. Qf2 Qa5 22. Qb2 Qg5 23. Ne2 e5 24. Ng3 Nh5 25. Nf5 Qf6 26. Qd2 Nf4 27. Nxe7+ Qxe7 28. Rxd6 Rxd6 29. Bxd6 Qf6 30. c5 Ne6 31. Qe2 Nd4 32. Qd3 h5 33. Rf1 g5 34. Qxa6 Kh7 35. Qb7 Rg8 36. Qe7 Qxe7 37. Bxe7 Kg6 38. Bd6 f6 39. Rb1 Ra8 40. Rb2 1-0

[Event "British Columbia op"]
[Site "Richmond"]
[Date "2013.02.09"]
[Round "1"]
[White "Shao, Nathan"]
[Black "North, Robert"]
[Result "0-1"]
[WhiteElo "1439"]
[BlackElo "1910"]
[PlyCount "94"]
[EventDate "2013.02.09"]
[EventType "swiss"]
[EventRounds "5"]
[EventCountry "CAN"]
[SourceTitle "EXT 2014"]
[Source "ChessBase"]
[SourceDate "2013.11.20"]
[SourceVersion "1"]
[SourceVersionDate "2013.11.20"]
[SourceQuality "1"]

1. e4 c5 2. Nf3 d6 3. Nc3 Nc6 4. h3 g6 5. Bc4 Bg7 6. a3 e6 7. d3 Nge7 8. Bg5 a6 9. 0-0 0-0 10. Qd2 Nd4 11. Nxd4 cxd4 12. Ne2 Re8 13. Qf4 Qb6 14. Bf6 Bd7 15. Bxg7 Kxg7 16. h4 h6 17. g4 f6 18. g5 hxg5 19. hxg5 f5 20. Qg3 Rac8 21. Kg2 fxe4 22. Nf4 Nf5 23. Qg4 e3 24. Rh1 d5 25. Nxg6 e5 26. Rh6 Qxg6 27. Rxg6+ Kxg6 28. Bxd5 Rxc2 29. Rf1 e2 30. Bf7+ Kxf7 31. Qh5+ Ke7 32. Re1 Bc6+ 33. Kg1 Rf8 34. g6 Kf6 35. Qh7 Bf3 36. Qh3 Bd5 37. Qh5 Rg8 38. f3 Rxg6+ 39. Kf2 Rg3 40. Qh8+ Kg5 41. Qd8+ Kf4 42. Qxd5 Rg2+ 43. Kxg2 Ne3+ 44. Kf2 Nxd5 45. b4 Nc3 46. Rg1 e1Q+ 47. Kxe1 Rc1+ 0-1